[Event "ICS Rated blitz match"]
[Site "204.178.125.65"]
[Date "2001.07.05"]
[Round "?"]
[White "Amateur"]
[Black "Hossa"]
[Result "0-1"]
[WhiteElo "2520"]
[BlackElo "2584"]
[PlyCount "140"]
[EventDate "2001.??.??"]

1. c4 c5 2. Nf3 g6 3. d4 Bg7 4. dxc5 Na6 5. Na3 Nxc5 6. e3 Nh6 7. Be2 O-O 8.
O-O b6 9. Rb1 Bb7 10. b4 Ne4 11. Bb2 Bxb2 12. Rxb2 a5 13. bxa5 Rxa5 14. Nb5 Ng4
15. Qd4 d6 16. Bd1 e5 17. Qd3 Nexf2 18. Rbxf2 e4 19. Qd2 exf3 20. Bxf3 Nxf2 21.
Bxb7 Ng4 22. Bf3 Ne5 23. Bd5 Qe7 24. Rf4 Kh8 25. a3 f5 26. Qd4 Qd8 27. e4 fxe4
28. Rxf8+ Qxf8 29. Qxe4 Qf5 30. Qxf5 gxf5 31. g3 Kg7 32. Nxd6 Kf6 33. Nb5 Ra4
34. Bg8 Nxc4 35. Bxc4 Rxc4 36. Nd6 Rc5 37. a4 Ke6 38. Nb5 Rc4 39. Kg2 Rxa4 40.
h4 Ke5 41. Nc3 Ra3 42. Nb5 Ra2+ 43. Kf3 Ra5 44. Nc7 f4 45. g4 Ra3+ 46. Kf2 Ke4
47. Kg2 Rg3+ 48. Kf2 Rxg4 49. h5 Rg5 50. Na8 b5 51. Nb6 Rxh5 52. Nd7 Rh2+ 53.
Kf1 Ke3 54. Nf6 Rh1+ 55. Kg2 f3+ 56. Kxh1 f2 57. Ng4+ Ke2 58. Nh2 f1=Q+ 59.
Nxf1 Kxf1 60. Kh2 b4 61. Kg3 b3 62. Kh3 b2 63. Kg4 b1=Q 64. Kf4 Qe1 65. Kf5 Qe7
66. Kf4 Kg1 67. Kf5 Kg2 68. Kf4 Qe6 69. Kg5 Kg3 70. Kh5 Qg6# {
Amateur checkmated} 0-1

[Event "ICS Rated blitz match"]
[Site "204.178.125.65"]
[Date "2001.07.05"]
[Round "?"]
[White "Tinker"]
[Black "Hossa"]
[Result "0-1"]
[WhiteElo "2552"]
[BlackElo "2597"]
[PlyCount "84"]
[EventDate "2001.??.??"]

1. e4 e5 2. Nf3 Nf6 3. Nxe5 d6 4. Nf3 Nxe4 5. d4 d5 6. Bd3 Nc6 7. O-O Bg4 8.
Re1 Be7 9. c4 Bxf3 10. Qxf3 Nf6 11. cxd5 Qxd5 12. Qxd5 Nxd5 13. Nc3 O-O-O 14.
Be4 Bb4 15. Bd2 Nxd4 16. Bxd5 Bxc3 17. bxc3 Nc2 18. Bxb7+ Kxb7 19. Rab1+ Kc6
20. Re2 Rhe8 21. Rxe8 Rxe8 22. Kf1 Re4 23. Rb3 Ra4 24. Rb2 Na3 25. Rb4 Rxb4 26.
cxb4 Kb5 27. Be3 a6 28. Bd4 g6 29. Bc3 Nc2 30. Ke2 Nxb4 31. Bxb4 Kxb4 32. Kd3
Ka3 33. Kc4 a5 34. Kb5 a4 35. f3 c6+ 36. Kc4 Kxa2 37. Kc3 a3 38. Kc2 g5 39. g3
c5 40. h3 f6 41. h4 gxh4 42. gxh4 h5 {Tinker resigns} 0-1

[Event "ICS rated standard match"]
[Site "204.178.125.65"]
[Date "2001.07.05"]
[Round "?"]
[White "Hossa"]
[Black "Yace"]
[Result "0-1"]
[WhiteElo "2390"]
[BlackElo "2572"]
[PlyCount "168"]
[EventDate "2001.??.??"]

1. d4 d5 2. c4 dxc4 3. e4 c5 4. d5 Nf6 5. Nc3 b5 6. Bf4 Ba6 7. e5 b4 8. exf6
bxc3 9. bxc3 gxf6 10. Bxc4 Bxc4 11. Qa4+ Nd7 12. Qxc4 Nb6 13. Qb5+ Qd7 14.
Qxd7+ Kxd7 15. O-O-O Rd8 16. Kc2 Rg8 17. g3 c4 18. Nf3 Kc8 19. Be3 Nxd5 20.
Bxa7 Kb7 21. Be3 e5 22. a4 Kc6 23. Nd2 Nxe3+ 24. fxe3 Rg4 25. a5 Ra8 26. Ra1 h5
27. a6 h4 28. gxh4 Rxh4 29. e4 Bh6 30. Nxc4 Rxe4 31. Ra4 Re2+ 32. Kb3 Bf8 33.
a7 Rf2 34. Ra6+ Kb7 35. Rha1 Bc5 36. R1a5 e4 37. h4 e3 38. Rxc5 Kxa6 39. Nxe3
Rxa7 40. Nd5 Rb7+ 41. Kc4 Rh2 42. h5 Rh4+ 43. Kd3 Rb8 44. Nxf6 Rb5 45. Rc6+ Rb6
46. Rxb6+ Kxb6 47. Ke3 Kc5 48. Kf3 Kd6 49. Kg3 Rc4 50. h6 Rxc3+ 51. Kg4 Rc4+
52. Kf5 Rc5+ 53. Kf4 Rc8 54. h7 Rh8 55. Kf5 Ke7 56. Nd5+ Kf8 57. Nf6 Kg7 58.
Kg5 Ra8 59. Kf5 Ra6 60. Kg5 Rc6 61. Nh5+ Kxh7 62. Ng3 Rg6+ 63. Kf4 Kh6 64. Ne4
Rg1 65. Nd6 Rf1+ 66. Ke3 Rf6 67. Nb7 Kh5 68. Nd8 Kg4 69. Ke4 Rf4+ 70. Kd3 f5
71. Nc6 Ra4 72. Ne5+ Kg3 73. Kc3 Ra7 74. Kc4 f4 75. Kb5 Re7 76. Nc4 f3 77. Kc6
f2 78. Nd2 Re2 79. Nb3 f1=Q 80. Kc5 Rc2+ 81. Kb4 Qc4+ 82. Ka3 Rc3 83. Kb2 Rxb3+
84. Ka2 Qa4# {Hossa checkmated} 0-1

[Event "ICS rated standard match"]
[Site "204.178.125.65"]
[Date "2001.07.05"]
[Round "?"]
[White "dima2001"]
[Black "Hossa"]
[Result "1-0"]
[WhiteElo "2002"]
[BlackElo "2382"]
[PlyCount "117"]
[EventDate "2001.??.??"]

1. e4 e6 2. Nf3 b6 3. d4 c6 4. Bd3 d5 5. Nc3 dxe4 6. Nxe4 Be7 7. Be3 Bb7 8. Ne5
Nf6 9. Nxf6+ gxf6 10. Nf3 Nd7 11. Qe2 Qc7 12. O-O-O O-O-O 13. Rhg1 Bd6 14. h4
c5 15. Ba6 Rhg8 16. Bxb7+ Kxb7 17. d5 Ne5 18. Nxe5 Bxe5 19. Qf3 Kb8 20. Kb1 Qb7
21. c4 h5 22. Rge1 b5 23. Bf4 bxc4 24. Bxe5+ fxe5 25. Rxe5 Rxd5 26. Rexd5 exd5
27. Rxd5 c3 28. b3 Qe7 29. Kc2 Qxh4 30. Rxc5 Rg5 31. Rc4 Rg4 32. Rxg4 Qxg4 33.
Qxg4 hxg4 34. Kxc3 Kc7 35. Kd4 Kd6 36. Ke4 a6 37. Kf5 Kd5 38. Kxg4 Ke6 39. b4
Ke5 40. Kg5 Ke6 41. a4 Ke5 42. f4+ Ke6 43. f5+ Ke7 44. b5 a5 45. g4 Kd6 46. Kf6
Kc5 47. Kxf7 Kd6 48. g5 Kd7 49. g6 Kd6 50. g7 Kd7 51. g8=Q Kd6 52. Ke8 Kc5 53.
f6 Kd4 54. f7 Ke3 55. f8=Q Kd2 56. Qd6+ Kc3 57. Qgg3+ Kb2 58. Qda3+ Kc2 59.
Qgd3# {Hossa checkmated} 1-0

[Event "ICS rated bullet match"]
[Site "204.178.125.65"]
[Date "2001.07.05"]
[Round "?"]
[White "EA6PZ"]
[Black "Hossa"]
[Result "1-0"]
[WhiteElo "2706"]
[BlackElo "2579"]
[PlyCount "127"]
[EventDate "2001.??.??"]

1. e4 c5 2. Nf3 d6 3. d4 Nf6 4. Nc3 cxd4 5. Nxd4 Nc6 6. Bg5 e6 7. Qd2 Be7 8.
O-O-O O-O 9. Nb3 Qb6 10. f3 Rd8 11. Be3 Qc7 12. Qf2 d5 13. exd5 Nxd5 14. Nxd5
exd5 15. Kb1 Bf5 16. Nd4 Nxd4 17. Bxd4 Rdc8 18. Bd3 Bxd3 19. Rxd3 Qc4 20. Rhd1
Rc6 21. b3 Qa6 22. Re3 Bf8 23. Rde1 Rac8 24. c3 b5 25. Qe2 Qb7 26. Re8 b4 27.
cxb4 Qxb4 28. Rxc8 Rxc8 29. Bxa7 Qc3 30. Be3 Ba3 31. Qd2 Qf6 32. Bd4 Qg6+ 33.
Ka1 Rc2 34. Re8+ Bf8 35. Qe3 Qd6 36. Kb1 Rxg2 37. Bc5 Qg6+ 38. Qe4 Rg1+ 39. Kb2
Rg2+ 40. Ka3 Qa6+ 41. Qa4 Qxa4+ 42. bxa4 g5 43. a5 Re2 44. Rxf8+ Kg7 45. a6 Re6
46. Ra8 Rc6 47. Bd4+ f6 48. a7 Ra6+ 49. Kb3 g4 50. fxg4 Kf7 51. Rb8 h6 52. a8=Q
Rxa8 53. Rxa8 Ke7 54. Rh8 f5 55. Rh7+ Ke8 56. gxf5 Kf8 57. Bc5+ Kg8 58. Rd7 d4
59. f6 d3 60. f7+ Kh7 61. f8=Q+ Kg6 62. Rg7+ Kh5 63. Qf5+ Kh4 64. Be7# {
Hossa checkmated} 1-0

[Event "ICS rated bullet match"]
[Site "204.178.125.65"]
[Date "2001.07.05"]
[Round "?"]
[White "Hossa"]
[Black "EA6PZ"]
[Result "0-1"]
[WhiteElo "2569"]
[BlackElo "2716"]
[PlyCount "122"]
[EventDate "2001.??.??"]

1. c4 Nf6 2. g3 g6 3. Bg2 Bg7 4. Nc3 O-O 5. Nf3 d6 6. d4 Nc6 7. O-O a6 8. Bg5
h6 9. Bf4 g5 10. Be3 Ng4 11. Bc1 e5 12. d5 Ne7 13. Bd2 Bd7 14. h3 Nf6 15. Qc2
c5 16. h4 g4 17. Nh2 b5 18. Qc1 b4 19. Nd1 Nf5 20. b3 e4 21. Nb2 Qe7 22. Re1 e3
23. Bxe3 Nxe3 24. fxe3 Nh5 25. Nf1 Bc3 26. Rb1 Bxe1 27. Qxe1 Bf5 28. Nd3 Rfe8
29. Rc1 a5 30. Qf2 Bh7 31. Nf4 Nf6 32. Nd3 a4 33. Qf4 Kg7 34. Rd1 axb3 35. axb3
Ra3 36. Rb1 Bg6 37. Qf2 Ra2 38. Rd1 Ne4 39. Bxe4 Qxe4 40. Rc1 Qe7 41. Qe1 Bxd3
42. exd3 Qe5 43. Rb1 Kg8 44. e4 f5 45. Qe3 fxe4 46. Qxh6 Qf5 47. Qe3 Qf3 48.
Qg5+ Kf7 49. Nd2 Qxg3+ 50. Kh1 Rxd2 51. Qh5+ Ke7 52. Qg5+ Kd7 53. Qxd2 exd3 54.
Qg5 Re2 55. Qg7+ Kc8 56. Qf8+ Kc7 57. Qe7+ Rxe7 58. Ra1 Re2 59. Ra7+ Kb6 60.
Ra6+ Kxa6 61. h5 Qh2# {Hossa checkmated} 0-1

[Event "ICS rated blitz match"]
[Site "204.178.125.65"]
[Date "2001.07.05"]
[Round "?"]
[White "Hossa"]
[Black "ChesterX"]
[Result "0-1"]
[WhiteElo "2626"]
[BlackElo "2851"]
[PlyCount "88"]
[EventDate "2001.??.??"]

1. Nf3 Nf6 2. d4 d5 3. c4 c6 4. Qc2 e6 5. cxd5 exd5 6. e3 Bg4 7. Bd3 Bxf3 8.
gxf3 Bd6 9. Bd2 O-O 10. Nc3 Qd7 11. O-O-O c5 12. dxc5 Bxc5 13. e4 Nc6 14. Nxd5
Nxd5 15. Qxc5 Nde7 16. Bc3 b6 17. Qg5 Ng6 18. Qg3 Qe7 19. Rhg1 Rac8 20. Kb1 Rc7
21. f4 f6 22. Bc4+ Kh8 23. f5 Nge5 24. Be6 a5 25. Rd2 b5 26. Qh3 b4 27. Bxe5
Nxe5 28. f4 Nf7 29. Rdg2 Qc5 30. Qd3 Rd8 31. Qe2 Nd6 32. e5 Ne8 33. h4 Qd4 34.
Rg4 a4 35. h5 h6 36. R4g2 b3 37. Qg4 Qd3+ 38. Ka1 Rc2 39. Rg3 Qd2 40. axb3 a3
41. Qd1 Ra8 42. Qxd2 axb2+ 43. Kb1 Rxd2 44. exf6 Ra1# {Hossa checkmated} 0-1

[Event "ICS rated bullet match"]
[Site "204.178.125.65"]
[Date "2001.07.05"]
[Round "?"]
[White "EA6PZ"]
[Black "Hossa"]
[Result "0-1"]
[WhiteElo "2726"]
[BlackElo "2559"]
[PlyCount "105"]
[EventDate "2001.??.??"]

1. e4 e5 2. Nf3 Nc6 3. d4 exd4 4. Nxd4 Bc5 5. Be3 Qf6 6. c3 Nge7 7. Bc4 O-O 8.
O-O Ne5 9. Be2 d5 10. f4 Qh6 11. Nd2 Bb6 12. Rb1 f5 13. exd5 Nxd5 14. Nc4 Be6
15. Qc1 Ng4 16. Bxg4 Nxe3 17. Qxe3 Bxc4 18. Be2 Bxa2 19. Rbd1 Qh4 20. Qf3 Bb3
21. Rd2 c6 22. c4 Rad8 23. Qc3 Bc5 24. Kh1 Bxd4 25. Rxd4 Rxd4 26. Qxd4 Qe7 27.
Bd3 a5 28. Qc3 Qb4 29. Qxb4 axb4 30. Kg1 Rd8 31. Rf3 Rd4 32. c5 Be6 33. h4 Kf7
34. h5 Rd5 35. h6 g6 36. Re3 Rxc5 37. Kf2 Rc1 38. Re1 Rxe1 39. Kxe1 g5 40. fxg5
Kg6 41. Ke2 Kxg5 42. Ke3 c5 43. g3 Kxh6 44. Kf4 c4 45. Bc2 Bc8 46. Ke5 Kg5 47.
Kd4 Kg4 48. Kxc4 Kxg3 49. Kd4 h5 50. Kc5 h4 51. Kxb4 h3 52. Kc5 h2 53. Kd6 {
EA6PZ resigns} 0-1

[Event "ICS rated bullet match"]
[Site "204.178.125.65"]
[Date "2001.07.05"]
[Round "?"]
[White "Hossa"]
[Black "EA6PZ"]
[Result "1/2-1/2"]
[WhiteElo "2582"]
[BlackElo "2703"]
[PlyCount "77"]
[EventDate "2001.??.??"]

1. d4 Nf6 2. c4 g6 3. Nc3 d5 4. cxd5 Nxd5 5. e4 Nxc3 6. bxc3 Bg7 7. Nf3 c5 8.
Be3 Qa5 9. Qd2 O-O 10. Bc4 cxd4 11. Nxd4 Rd8 12. O-O Bxd4 13. Bxd4 e5 14. Qg5
Nc6 15. Be3 Rd6 16. Qh6 Qxc3 17. Bc5 Qd2 18. Bxf7+ Kxf7 19. Qxh7+ Kf6 20. Qh8+
Ke6 21. Bxd6 Qxd6 22. Rfd1 Qb4 23. Qg8+ Kf6 24. h4 Ne7 25. Qf8+ Ke6 26. f3 b6
27. Rac1 Bb7 28. Qg7 Rc8 29. Rxc8 Bxc8 30. Kh2 Qa4 31. Rd8 Qa3 32. h5 Qe3 33.
Qf8 Qg5 34. Rxc8 Qh4+ 35. Kg1 Qe1+ 36. Kh2 Qh4+ 37. Kg1 Qe1+ 38. Kh2 Qh4+ 39.
Kg1 {Game drawn by repetition} 1/2-1/2

[Event "ICS rated bullet match"]
[Site "204.178.125.65"]
[Date "2001.07.05"]
[Round "?"]
[White "EA6PZ"]
[Black "Hossa"]
[Result "1-0"]
[WhiteElo "2698"]
[BlackElo "2587"]
[PlyCount "111"]
[EventDate "2001.??.??"]

1. d4 Nf6 2. c4 e6 3. Nc3 Bb4 4. e3 O-O 5. Bd3 d5 6. Nf3 c5 7. O-O Nc6 8. a3
Bxc3 9. bxc3 Qc7 10. cxd5 exd5 11. h3 c4 12. Bc2 Ne7 13. Ne5 Bf5 14. f3 Bxc2
15. Qxc2 Nh5 16. a4 Ng3 17. Re1 f6 18. Ng4 Rfe8 19. Ba3 Ng6 20. e4 Nf4 21. exd5
Re2 22. Rxe2 Ngxe2+ 23. Kf2 Re8 24. d6 Qc6 25. Ne3 Nxd4 26. cxd4 Nd3+ 27. Ke2
Nf4+ 28. Kd2 c3+ 29. Qxc3 Qxc3+ 30. Kxc3 Rxe3+ 31. Kc4 Re8 32. g4 Nxh3 33. Re1
Rc8+ 34. Kb3 Rd8 35. Re7 h6 36. d7 Kh7 37. Bd6 Ng5 38. Bc7 Rxd7 39. Rxd7 Nxf3
40. Kc4 a6 41. Bf4 b6 42. Rb7 b5+ 43. axb5 axb5+ 44. Rxb5 Kg6 45. d5 Kf7 46.
Rb7+ Ke8 47. d6 g5 48. d7+ Ke7 49. Bd6+ Kxd6 50. d8=Q+ Ke5 51. Qd5+ Kf4 52. Rb3
Nd2+ 53. Qxd2+ Kxg4 54. Qf2 Kh5 55. Qf5 Kh4 56. Rh3# {Hossa checkmated} 1-0

[Event "ICS rated bullet match"]
[Site "204.178.125.65"]
[Date "2001.07.05"]
[Round "?"]
[White "Hossa"]
[Black "EA6PZ"]
[Result "0-1"]
[WhiteElo "2576"]
[BlackElo "2709"]
[PlyCount "160"]
[EventDate "2001.??.??"]

1. d4 d5 2. c4 c6 3. Nc3 Nf6 4. e3 e6 5. Nf3 Nbd7 6. Qc2 Bd6 7. cxd5 exd5 8.
Bd3 O-O 9. O-O Re8 10. Re1 Nf8 11. e4 dxe4 12. Nxe4 Nxe4 13. Bxe4 Bg4 14. Ng5
Bf5 15. Bd2 Bxe4 16. Rxe4 Rxe4 17. Qxe4 Be7 18. Qg4 Qd5 19. Nf3 Ne6 20. b3 Rd8
21. Be3 Bf6 22. Re1 a6 23. Re2 g6 24. Kh1 Nxd4 25. Nxd4 h5 26. Qf4 Be5 27. Qh4
Bxd4 28. Rd2 c5 29. Qe7 Kg7 30. Bg5 Rd6 31. Be3 Re6 32. Qh4 Qe5 33. Re2 Qf5 34.
Re1 Bxe3 35. fxe3 Rxe3 36. Rc1 Re2 37. a3 Rc2 38. Rg1 Qd3 39. Qa4 Rc3 40. Qe8
Qd5 41. b4 Rxa3 42. bxc5 Qxc5 43. Rf1 Qd5 44. Qe7 Ra2 45. Qf6+ Kg8 46. Rf3 Qe6
47. Qd8+ Kg7 48. Rf1 Qc6 49. Qg5 b5 50. Qe5+ f6 51. Qe7+ Kg8 52. Rg1 Rc2 53. h3
Rc3 54. Kh2 Qc7+ 55. Qxc7 Rxc7 56. Ra1 Ra7 57. Rc1 a5 58. Rc8+ Kf7 59. Rb8 b4
60. Rb6 Re7 61. Kg3 g5 62. Kf3 h4 63. Rb8 Re5 64. Rb6 f5 65. Kf2 f4 66. Kf3 Ke7
67. Kg4 Kd7 68. Rg6 Rb5 69. Rg7+ Ke6 70. Rg8 b3 71. Re8+ Kf7 72. Re1 a4 73. Ra1
b2 74. Rxa4 b1=Q 75. Ra7+ Kg6 76. Rd7 Qf5+ 77. Kf3 Qxd7 78. Ke2 Rb2+ 79. Kf3
Qd5+ 80. Kg4 Rxg2# {Hossa checkmated} 0-1

[Event "ICS rated bullet match"]
[Site "204.178.125.65"]
[Date "2001.07.05"]
[Round "?"]
[White "Matthew"]
[Black "Hossa"]
[Result "0-1"]
[WhiteElo "2170"]
[BlackElo "2566"]
[PlyCount "100"]
[EventDate "2001.??.??"]

1. e4 e6 2. d4 d5 3. Nd2 Nc6 4. c3 e5 5. exd5 Qxd5 6. dxe5 Nxe5 7. Ngf3 Bg4 8.
Be2 Bxf3 9. Nxf3 Qxd1+ 10. Bxd1 Nd3+ 11. Ke2 O-O-O 12. Bc2 Nxc1+ 13. Raxc1 Re8+
14. Kd2 Bc5 15. Rhf1 Rd8+ 16. Ke2 Nh6 17. Rfd1 Rhe8+ 18. Kf1 g6 19. h3 f6 20.
Rxd8+ Kxd8 21. Rd1+ Kc8 22. Re1 Rxe1+ 23. Kxe1 Kd7 24. Ke2 Nf7 25. Nd2 Ke6 26.
Ne4 Be7 27. f3 Nd6 28. Ke3 Nc4+ 29. Ke2 Nxb2 30. Bb3+ Kd7 31. Kd2 b5 32. Kc2
Na4 33. Bxa4 bxa4 34. Nd2 Kc6 35. Kd3 Bd6 36. Ne4 f5 37. Nf6 h5 38. Ng8 h4 39.
Nh6 Bf4 40. Nf7 Kd5 41. Nd8 g5 42. Nb7 Bc1 43. Na5 c6 44. c4+ Kc5 45. Kc3 Kb6
46. Nxc6 Kxc6 47. Kc2 Ba3 48. Kc3 Kc5 49. Kd3 Bb4 50. Kc2 Kxc4 {Matthew resigns
} 0-1

[Event "ICS rated bullet match"]
[Site "204.178.125.65"]
[Date "2001.07.05"]
[Round "?"]
[White "Hossa"]
[Black "Matthew"]
[Result "1-0"]
[WhiteElo "2569"]
[BlackElo "2167"]
[PlyCount "57"]
[EventDate "2001.??.??"]

1. Nf3 c6 2. e4 d5 3. exd5 cxd5 4. Bb5+ Bd7 5. Nc3 Nf6 6. O-O e6 7. d4 Bxb5 8.
Nxb5 a6 9. Nc3 Bd6 10. Re1 O-O 11. Ne5 Bxe5 12. dxe5 Nfd7 13. Qg4 Kh8 14. Qh5
Nc6 15. Bf4 g6 16. Qh3 Qb6 17. Rab1 Qd4 18. Qh6 Rg8 19. Re3 Ndxe5 20. Ne2 Ng4
21. Nxd4 Nxh6 22. Nxc6 Nf5 23. Be5+ Ng7 24. Ne7 Rge8 25. Bf6 Rad8 26. Rc3 Rd7
27. Nc8 Rxc8 28. Rxc8+ Rd8 29. Rxd8# {Matthew checkmated} 1-0

[Event "ICS rated standard match"]
[Site "204.178.125.65"]
[Date "2001.07.05"]
[Round "?"]
[White "burlov"]
[Black "Hossa"]
[Result "0-1"]
[WhiteElo "2079"]
[BlackElo "2353"]
[PlyCount "73"]
[EventDate "2001.??.??"]

1. e4 e6 2. d4 d5 3. Nc3 dxe4 4. Nxe4 Bd7 5. Nf3 Bc6 6. Bd3 Nf6 7. Bg5 Be7 8.
Nxf6+ Bxf6 9. Bxf6 Qxf6 10. Be2 Nd7 11. Qd2 O-O-O 12. O-O h5 13. c3 Kb8 14. Qg5
Bxf3 15. Qxf6 Nxf6 16. Bxf3 c6 17. Rfe1 Kc7 18. a4 g5 19. g3 g4 20. Bh1 h4 21.
Re2 Rh6 22. Bg2 Rdh8 23. Re5 hxg3 24. hxg3 Rh2 25. Rg5 Kd6 26. Re1 R8h7 27. c4
a6 28. b4 R7h5 29. Ree5 Rh8 30. a5 Kd7 31. b5 R2h7 32. Rc5 Rc8 33. bxa6 bxa6
34. f3 Rb8 35. fxg4 Rb1+ 36. Kf2 Rh2 37. Rg7 {burlov resigns} 0-1

[Event "ICS rated blitz match"]
[Site "204.178.125.65"]
[Date "2001.07.05"]
[Round "?"]
[White "Hossa"]
[Black "ChesterX"]
[Result "1-0"]
[WhiteElo "2639"]
[BlackElo "2816"]
[PlyCount "128"]
[EventDate "2001.??.??"]

1. d4 d6 2. g3 e5 3. dxe5 Nc6 4. exd6 Qxd6 5. Bd2 Bf5 6. Bh3 Qd5 7. f3 Bxh3 8.
Nxh3 O-O-O 9. e4 Qb5 10. Nc3 Qxb2 11. Rb1 Qa3 12. O-O Nf6 13. Nf4 Bc5+ 14. Kh1
Kb8 15. Nfd5 Nxd5 16. exd5 Nd4 17. Re1 f5 18. Re3 Qa6 19. Rd3 Rde8 20. Bf4 Qc4
21. Qd2 Bb6 22. d6 cxd6 23. Bxd6+ Kc8 24. Rxb6 axb6 25. Qf4 Re1+ 26. Kg2 Rd8
27. Qxd4 Qxd4 28. Rxd4 Rc1 29. Rc4+ Kd7 30. Nb5 Rd1 31. Rc7+ Ke6 32. Bf4 R8d7
33. Rc8 Ke7 34. a4 Kf7 35. g4 fxg4 36. fxg4 Re7 37. h4 h6 38. h5 Ke6 39. Be3
Ra1 40. Rc4 Kd5 41. Rd4+ Ke6 42. Rb4 Rf7 43. Bxb6 Re1 44. Nd4+ Kd5 45. Rb5+ Kd6
46. Nf5+ Kc6 47. Bd4 Re2+ 48. Kh3 Rxc2 49. Rb6+ Kc7 50. Rg6 Ra2 51. Bxg7 Ra3+
52. Kg2 Rxa4 53. Nxh6 Re7 54. Nf5 Ra2+ 55. Kf3 Re1 56. h6 Rh2 57. g5 Rh3+ 58.
Kf4 Rhh1 59. Be5+ Kc8 60. Bd4 Rhf1+ 61. Kg4 Rh1 62. Rg8+ Kd7 63. Rg7+ Kc6 64.
h7 Re6 {ChesterX resigns} 1-0

[Event "ICS rated blitz match"]
[Site "204.178.125.65"]
[Date "2001.07.05"]
[Round "?"]
[White "ChesterX"]
[Black "Hossa"]
[Result "1-0"]
[WhiteElo "2792"]
[BlackElo "2663"]
[PlyCount "105"]
[EventDate "2001.??.??"]

1. c4 c5 2. Nf3 g6 3. d4 Bg7 4. Nc3 cxd4 5. Nxd4 Nh6 6. e4 Nc6 7. Nxc6 bxc6 8.
Be2 O-O 9. O-O f5 10. c5 fxe4 11. Bxh6 Bxh6 12. Nxe4 Kh8 13. Qc2 Qc7 14. Rad1
Qf4 15. Rfe1 Bg7 16. Bf3 Rb8 17. b3 Rb4 18. a3 Rd4 19. Rxd4 Bxd4 20. b4 Be5 21.
Ng3 Kg8 22. a4 a6 23. Be4 Bb7 24. Rd1 Bc8 25. Rd3 Qf6 26. Rf3 Bf4 27. Qc4+ Kh8
28. Nf1 Qg7 29. Bxc6 Bxh2+ 30. Nxh2 dxc6 31. Rxf8+ Qxf8 32. b5 axb5 33. axb5
cxb5 34. Qxb5 Kg7 35. c6 Qf4 36. g3 Qf6 37. Nf1 Bf5 38. Ne3 Qa1+ 39. Qf1 Qb2
40. Nxf5+ gxf5 41. Qc4 Qa1+ 42. Kh2 Qa7 43. Qc2 Qc7 44. Qb2+ Kg6 45. Qb7 Qe5
46. c7 f4 47. c8=Q fxg3+ 48. Kg2 Kg7 49. Qg4+ Kf7 50. Qa8 Qg7 51. Qa2+ e6 52.
Qgxe6+ Kf8 53. Qa8# {Hossa checkmated} 1-0

[Event "ICS rated bullet match"]
[Site "204.178.125.65"]
[Date "2001.07.05"]
[Round "?"]
[White "Hossa"]
[Black "EroeInrico"]
[Result "1-0"]
[WhiteElo "2574"]
[BlackElo "2075"]
[PlyCount "59"]
[EventDate "2001.??.??"]

1. c4 e5 2. Nc3 Nc6 3. Nf3 g6 4. d4 exd4 5. Nxd4 Bg7 6. Nxc6 bxc6 7. e4 Ne7 8.
Bd3 d6 9. O-O O-O 10. Bg5 h6 11. Be3 c5 12. Qd2 Kh7 13. e5 dxe5 14. Bxc5 Re8
15. Rfd1 Bb7 16. Qe3 Qc8 17. Bxa7 Qg4 18. Nd5 Nxd5 19. cxd5 f5 20. Qc5 Rad8 21.
Bb5 Rg8 22. f3 Qh4 23. Qxc7 Bxd5 24. Bd7 Bxf3 25. gxf3 Qg5+ 26. Kh1 Qf4 27. Rd3
g5 28. Rf1 Bf6 29. Bxf5+ Kh8 30. Qh7# {EroeInrico checkmated} 1-0

[Event "ICS rated bullet match"]
[Site "204.178.125.65"]
[Date "2001.07.05"]
[Round "?"]
[White "EroeInrico"]
[Black "Hossa"]
[Result "0-1"]
[WhiteElo "2073"]
[BlackElo "2576"]
[PlyCount "60"]
[EventDate "2001.??.??"]

1. d4 Nf6 2. Nf3 d5 3. Bf4 e6 4. e3 Bd6 5. Bg3 Bxg3 6. hxg3 Nbd7 7. Bd3 c5 8.
c3 cxd4 9. exd4 Nb6 10. Nbd2 Bd7 11. Ne5 Qe7 12. f4 O-O-O 13. Qb3 h5 14. a4 Ng4
15. a5 Na8 16. a6 b6 17. Qc2 Ne3 18. Qc1 h4 19. Kf2 Nf5 20. g4 Ng3 21. Rh3 g5
22. Nb3 Rdg8 23. f5 exf5 24. Nd2 fxg4 25. Rh2 Nc7 26. c4 Kb8 27. cxd5 Rh6 28.
Nec4 Qf6+ 29. Kg1 Qxd4+ 30. Ne3 Qxe3# {EroeInrico checkmated} 0-1

[Event "ICS rated bullet match"]
[Site "204.178.125.65"]
[Date "2001.07.05"]
[Round "?"]
[White "Hossa"]
[Black "EroeInrico"]
[Result "1-0"]
[WhiteElo "2578"]
[BlackElo "2071"]
[PlyCount "69"]
[EventDate "2001.??.??"]

1. d4 Nf6 2. Nf3 g6 3. c4 Bg7 4. g3 d6 5. Bg2 O-O 6. O-O Bg4 7. Ng5 h6 8. Bxb7
Nbd7 9. Bxa8 hxg5 10. Bg2 e5 11. f3 Bf5 12. e4 Be6 13. d5 Nc5 14. b4 Nb7 15.
dxe6 fxe6 16. Bxg5 Qd7 17. Nc3 Nh7 18. Be3 g5 19. Bxa7 Bf6 20. Qd3 Rf7 21. a4
Nf8 22. a5 Ng6 23. a6 Nd8 24. Be3 Rh7 25. a7 g4 26. a8=Q gxf3 27. Rxf3 Be7 28.
Raf1 Qe8 29. Qc8 Nf8 30. Qxc7 Qh5 31. Rxf8+ Bxf8 32. Rxf8+ Kxf8 33. Qdxd6+ Kg8
34. Qdxd8+ Qe8 35. Qxe8# {EroeInrico checkmated} 1-0

[Event "ICS unrated blitz match"]
[Site "204.178.125.65"]
[Date "2001.07.05"]
[Round "?"]
[White "Hossa"]
[Black "Panthee"]
[Result "1-0"]
[WhiteElo "2653"]
[BlackElo "2200"]
[PlyCount "31"]
[EventDate "2001.??.??"]

1. d4 d6 2. g3 g6 3. Nf3 Bg7 4. Bg2 Nd7 5. O-O e5 6. dxe5 dxe5 7. Qd3 Qe7 8.
Qc3 c6 9. b3 Nh6 10. Ba3 Qd8 11. Nbd2 Nf5 12. Ne4 Qc7 13. Rfd1 Bf8 14. Nxe5
Qxe5 15. Qxe5+ Nxe5 16. Nf6# {Panthee checkmated} 1-0

[Event "ICS rated blitz match"]
[Site "204.178.125.65"]
[Date "2001.07.05"]
[Round "?"]
[White "Hossa"]
[Black "PostModernist"]
[Result "0-1"]
[WhiteElo "2653"]
[BlackElo "2619"]
[PlyCount "152"]
[EventDate "2001.??.??"]

1. d4 f5 2. Bg5 Nc6 3. d5 Ne5 4. Qd4 Nf7 5. Bh4 Nf6 6. Nf3 e6 7. dxe6 dxe6 8.
Qxd8+ Kxd8 9. Nbd2 Be7 10. O-O-O Bd7 11. h3 Kc8 12. e3 Rd8 13. Bc4 h5 14. Nd4
g5 15. Bg3 h4 16. Bh2 Nd5 17. Nxf5 exf5 18. Bxd5 Nd6 19. f3 Kb8 20. e4 fxe4 21.
fxe4 g4 22. Bf4 gxh3 23. gxh3 Ne8 24. Be3 Nf6 25. Bc4 Nh5 26. Kb1 Ng3 27. Rh2
Bd6 28. Bg5 Re8 29. Bf7 Rf8 30. Bb3 Bc8 31. Bxh4 Nxe4 32. Rhh1 Nxd2+ 33. Rxd2
Bxh3 34. Rf2 Re8 35. Bg5 Bg4 36. Bf7 Rf8 37. Rh7 a5 38. Rg7 Be5 39. Bf6 Bxf6
40. Rxf6 Bd7 41. Kc1 Ka7 42. Kd2 Rad8 43. Ke3 Be8 44. c3 c5 45. b3 Rd7 46. Rg5
Re7+ 47. Kd3 Bxf7 48. Rxc5 a4 49. Rd6 axb3 50. axb3 Bxb3 51. c4 Rf3+ 52. Kd4
Bc2 53. Ra5+ Kb8 54. Kc5 Rc7+ 55. Kd4 Rf4+ 56. Ke3 Rfxc4 57. Re5 Rf7 58. Rdd5
Rf1 59. Rc5 Re1+ 60. Kf3 Rxe5 61. Rxe5 Kc7 62. Ra5 Kc6 63. Ke3 b5 64. Ra8 Kb7
65. Ra5 Ba4 66. Kd3 Rc8 67. Ke4 Kb6 68. Ra8 Rxa8 69. Ke5 b4 70. Ke4 b3 71. Ke5
b2 72. Ke6 b1=Q 73. Ke5 Qd3 74. Ke6 Qf3 75. Ke5 Kc5 76. Ke6 Re8# {
Hossa checkmated} 0-1

[Event "ICS Rated blitz match"]
[Site "204.178.125.65"]
[Date "2001.07.06"]
[Round "?"]
[White "Hossa"]
[Black "QueenMaxima"]
[Result "1/2-1/2"]
[WhiteElo "2635"]
[BlackElo "2592"]
[PlyCount "186"]
[EventDate "2001.??.??"]

1. d4 Nf6 2. c4 g6 3. Nc3 Bg7 4. e4 O-O 5. Nf3 Nc6 6. d5 Nb4 7. Be2 d6 8. O-O
c5 9. Bf4 Bd7 10. Qd2 Qb6 11. e5 dxe5 12. Nxe5 Bf5 13. Rfc1 Rad8 14. a3 Na6 15.
Bf3 Nd7 16. Ng4 Bxg4 17. Bxg4 Qb3 18. Na4 Ne5 19. Bxe5 Qxa4 20. Bxg7 Kxg7 21.
Qe3 Qe8 22. Re1 f5 23. Qxe7+ Qxe7 24. Rxe7+ Rf7 25. Rxf7+ Kxf7 26. Bf3 Nc7 27.
b4 Na6 28. h4 Kf6 29. b5 Nc7 30. Re1 Re8 31. Kf1 Rxe1+ 32. Kxe1 Ke5 33. Kd2 Ne8
34. Kd3 Nf6 35. a4 b6 36. g3 h6 37. Ke3 g5 38. hxg5 hxg5 39. Bg2 Ng4+ 40. Ke2
Nf6 41. Kd3 Nd7 42. Ke3 g4 43. Bf1 Nf6 44. Bd3 Ne8 45. Be2 Nd6 46. Bf1 Ne4 47.
Bd3 Nd6 48. Be2 Ne4 49. Bd1 Nd6 50. Bb3 Ne4 51. Bc2 Nd6 52. Kd3 Ne4 53. Ke2 Nd6
54. Bd3 Kd4 55. Kd2 Nf7 56. Bxf5 Ne5 57. Kc1 Nxc4 58. Bxg4 Kxd5 59. Bf5 Nd6 60.
Bc2 Ne4 61. Bxe4+ Kxe4 62. Kd2 Kf3 63. Kd3 Kg4 64. Ke4 Kh3 65. Ke5 Kg2 66. f4
c4 67. Kd4 Kxg3 68. f5 c3 69. Kxc3 Kg4 70. f6 Kg5 71. f7 Kf6 72. f8=Q+ Ke5 73.
Qf5+ Kxf5 74. Kd4 Ke6 75. Kc4 Ke5 76. Kb4 Kd4 77. Ka3 Kc4 78. a5 Kxb5 79. axb6
axb6 80. Kb3 Kc5 81. Kc3 b5 82. Kb3 b4 83. Kc2 Kc4 84. Kb2 b3 85. Kb1 Kc3 86.
Kc1 Kb4 87. Kb2 Ka4 88. Kb1 Ka5 89. Ka1 Kb5 90. Kb2 Kb4 91. Kb1 Ka3 92. Ka1 b2+
93. Kb1 Kb3 {Hossa stalemated} 1/2-1/2